MARC

LEADER 00000nam0a2200000 4500
001 318068
005 20231102003035.0
035 |a (RuTPU)RU\TPU\book\343549 
090 |a 318068 
100 |a 20160420d1941 m y0rusy50 ca 
101 0 |a rus 
102 |a RU 
105 |a a j 001zy 
200 1 |a Технология нефти  |h Ч. 1  |i Свойства нфти и первичная гонка  |e учебное пособие для втузов  |f И. Л. Гуревич 
210 |a Москва  |a Ленинград  |c Государственное научно-техническое издательство нефтяной и горно-топливной литературы  |d 1941 
215 |a 431с.  |c ил. 
320 |a Предм. указ.: с. 425-428 
320 |a Алф. указ.: с. 429-430 
606 1 |a Нефтеперерабатывающие процессы  |2 stltpush  |3 (RuTPU)RU\TPU\subj\75883  |9 87430 
610 1 |a нефть 
610 1 |a нефтепродукты 
610 1 |a химический состав 
610 1 |a плотность 
610 1 |a удельный вес 
610 1 |a молекулярный вес 
610 1 |a фракционный состав 
610 1 |a вязкость 
610 1 |a тепловые свойства 
610 1 |a подготовка к переработке 
610 1 |a фракционная подготовка 
610 1 |a теплообменные аппараты 
610 1 |a трубчатые печи 
610 1 |a первичная переработка 
610 1 |a ректификационные установки 
610 1 |a учебные пособия 
675 |a 665.63.02(075.8)  |v 4 
700 1 |a Гуревич  |b И. Л. 
801 1 |a RU  |b 63413507  |c 20160420 
801 2 |a RU  |b 63413507  |c 20191213  |g RCR 
942 |c BK